| 000 | 00973cam a2200253 a 4500 | ||
|---|---|---|---|
| 001 | 000008107 | ||
| 005 | 20200929154433.0 | ||
| 008 | 880808s1987 cu b f000 0 spa c | ||
| 040 |
_aDO-SdBNP _cCtY _dDLC |
||
| 042 | _alcnccp | ||
| 082 |
_aB869.09 _bC871l |
||
| 100 | 1 |
_aCoutinho, Carlos Nelson, _d1943- _922015 |
|
| 245 | 1 | 0 |
_aLiteratura e ideología en Brasil : _btres ensayos de crítica marxista / _cCarlos Nelson Coutinho ; edición de César Ramos ; traducción de Julia Calzadilla. |
| 260 |
_aLa Habana : _bCasa de las Américas, _c1987. |
||
| 300 |
_a117 p. ; _c23 cm. |
||
| 490 | 1 |
_aCuadernos Casa _v32 |
|
| 504 | _aIncluye referencias bibliográficas y notas al pie de las páginas | ||
| 650 | 4 |
_aLiteratura brazileña _xHistoria y crítica _922016 |
|
| 650 | 4 |
_aEnsayos brazileños _922017 |
|
| 700 | 1 |
_aRamos, César, _eed. _913341 |
|
| 700 | 1 |
_aCalzadilla, Julia, _etr. _922018 |
|
| 830 | 0 |
_aCuadernos Casa ; _v32 _93339 |
|
| 910 | _aCatalogación por copia / LC | ||
| 999 |
_c7884 _d7884 |
||